00486nam a2200169 a 45000010005000000030009000050080041000140200015000550400028000700820016000981000019001142450094001332500007002272600040002343000018002746500024002923525CO-ViMGA141112s2004 ck r 000 u spa d a9506790361 aCO-ViMGAbspacCO-ViMGA04a345.06 G1761 aGaspar, Gaspar10aLa Confesión : bDetención, Declaración Indagatoria, Prisión, Preveción Condena a2a aBuenos Aires, cUniversidad, c1988 a196 p. 22 cm14aCONFESION (DERECHO)